Movies Quiz

Random Movies or Animation Quiz

Top Ten Animated Movies Quiz Stats

Quiz not verified by Sporcle

Challenge
Share
Tweet
Embed
Score 0/10 Timer 05:00
0 Plays Today
Year Movie (by Total World Gross) % Correct
2009Up
66.3%
2004Shrek 2
58.4%
2003Finding Nemo
57.9%
1994The Lion King
57.3%
2004The Incredibles
46.6%
2007Ratatouille
35.4%
2007Shrek the Third
30.3%
2008Kung Fu Panda
26.4%
2009Ice Age: Dawn of the Dinosaurs
18%
2006Ice Age: The Meltdown
16.3%

You're not logged in!

Compare scores with friends on all Sporcle quizzes.
Sign Up with Email
OR
Log In

You Might Also Like...

Show Comments

Extras

Top Quizzes Today


Score Distribution

Your Account Isn't Verified!

In order to create a playlist on Sporcle, you need to verify the email address you used during registration. Go to your Sporcle Settings to finish the process.